000
00315nam a2200109Ia 4500
008
200302s9999 xx 000 0 und d
100
_a
Dana Arnold
245
_a
The Spaces of the Hospital Spatiality and Urban Change in London 1680-1820
260
_b
Routledge Taylor & Francis Group
260
_c
2013
300
_a
155
999
_c
3314
_d
3314